| 000 | 00536cam a2200205ua 4500 | ||
|---|---|---|---|
| 001 | 6148 | ||
| 008 | 131119n ii |||gr||||Z||||||eng | ||
| 020 | _a81-7040-395-2 | ||
| 040 | _cMAIN | ||
| 082 | _a657 | ||
| 245 |
_aFinancial Accounting _cBy M.A. Arulanandam |
||
| 250 | _a1st ed. | ||
| 260 |
_aBombay: _bHimalaya Publishing House, _c1991. _aDelhi: _aNagpur: |
||
| 300 | _ax,349p. | ||
| 653 | _aCommerce | ||
| 653 | _aFinancial Accounting | ||
| 700 |
_aArulanandam,M.A., _eAuthor., |
||
| 700 | 1 |
_aRaman,K.S., _eAuthor. |
|
| 942 | _cBK | ||
| 999 |
_c5300 _d5300 |
||